| 000 | 00594nam a2200205Ia 4500 | ||
|---|---|---|---|
| 005 | 20250425162813.0 | ||
| 008 | 250425s9999 xx 000 0 und d | ||
| 020 | _a9780134074252 | ||
| 041 |
_z _heng. |
||
| 082 |
_a550 _pTAR |
||
| 100 | _aTarbuck, Edward J. | ||
| 245 | 0 |
_aEarth: An Introduction To Physical Geology _cEdward J. Tarbuck. |
|
| 260 |
_aNew Jersey _bPEARSON EDUCACTION _c2016. |
||
| 300 |
_a788 p. _bIlustrado _c27.7 cm. |
||
| 500 | _aIncluye Tabla de Contenido; Indice | ||
| 650 | _aGeología Física | ||
| 700 | _aLutgens, Frederick K. | ||
| 942 | _c01 | ||
| 010 | _a109318 | ||
| 999 |
_c236764 _d236764 |
||